| 000 | 01016nam a2200265 a 4500 | ||
|---|---|---|---|
| 001 | BRCA_8448 | ||
| 005 | 20190320210303.0 | ||
| 008 | 101115s2015----mx-ab#####---#000-0#spa-# | ||
| 020 | _a9786070264849 (UNAM) | ||
| 020 | _a9786074846522 (INAH) | ||
| 041 | _aspa | ||
| 044 | _amx | ||
| 050 | 4 |
_aF1228.9 _b.M35 2015 |
|
| 245 | 1 | 0 |
_aEl mar _bpercepciones, lecturas y contextos : una mirada cultural a los entornos marítimos _ccoordinación Guadalupe Pinzón Ríos, Flor Trejo Rivera. |
| 260 |
_aMéxico, D.F. _bUNAM, Instituto de Investigaciones Históricas : INAH _c2015 |
||
| 300 |
_a408 p. _bil. (algunas a color), mapas _c23 cm. |
||
| 440 | 0 |
_aSerie Historia General _v31 _921157 |
|
| 650 | 1 | 4 |
_aOcéano _xHistoria _zMéxico _921158 |
| 650 | 1 | 4 |
_aOcéano _xHistoria _zAmérica Latina _921159 |
| 650 | 1 | 4 |
_aCostas _xHistoria _zMéxico _921160 |
| 650 | 1 | 4 |
_aCostas _xHistoria _zAmérica Latina _921161 |
| 700 | 1 |
_aPinzón Ríos, Guadalupe _ecoord. _921162 |
|
| 700 | 1 |
_aTrejo Rivera, Flor _ecoord. _921163 |
|
| 942 |
_2lcc _cB |
||
| 999 |
_c8115 _d8115 |
||